00953cam a22002532 450000100060000000300080000600500170001400800410003103500190007204000420009104100080013308200180014110000280015924500470018726000620023430000200029650400510031665000340036765000180040194200120041999900170043195201350044895201160058332758BD-RjUL20211209051905.0140428t1954 enk b 001 0 eng d a(BD-RjUL)32848 aDLCcEXCdEXCdOCLdEQOdBD-RjULbeng aeng04a297bHAI 19541 aHarries, Lyndon.99960610aIslam in East Africa /cby Lyndon Harries. aLondon :bUniversities' Mission to Central Africa,c1954. a92 p. ;c19 cm. aIncludes bibliographical references and index. 0aMuslimszAfrica, East.999607 0aIslam.999608 2ddccBK c32758d32758 00102ddc40718NFICaRUCLbRUCLcReadingd1963-01-31eEuro Pak.g0.00l0o297 HAI 1954r2014-04-28 00:00:00tC-1w2021-12-09yBK 00102ddc40718NFICaRUCLbRUCLcStackd2014-04-28l0o297 HAI 1954r2014-04-28 00:00:00tC-2w2021-12-09yBK